| 000 | 00778nam a2200265 a 4500 | ||
|---|---|---|---|
| 001 | 80463 | ||
| 003 | BD-RjUL | ||
| 005 | 20220929110707.0 | ||
| 008 | 820419s1982 txua 001 0 eng | ||
| 020 | _a0256026904 | ||
| 035 | _a(BD-RjUL)80463 | ||
| 040 |
_aDLC _cDLC _dDLC _dBD-RjUL _beng |
||
| 041 | _aeng | ||
| 082 | 0 | 0 |
_219 _a658.1511 _bGAM 1982 |
| 100 | 1 |
_aGarrison, Ray H. _95064 |
|
| 245 | 1 | 0 |
_aManagerial accounting : _bconcepts for planning, control, decision making / _cRay H. Garrison. |
| 250 | _a3rd ed. | ||
| 260 |
_aPlano, Tex. : _bBusiness Publications, _c1982. |
||
| 300 |
_axv, 799 p. : _bill. ; _c25 cm. |
||
| 500 | _aIncludes index. | ||
| 650 | 0 |
_aManagerial accounting. _95065 |
|
| 942 |
_2ddc _cBK |
||
| 999 |
_c80463 _d80463 |
||